| 000 | 01086cgm a2200325 4500 | ||
|---|---|---|---|
| 001 | E1190 | ||
| 008 | 090401t1992 xxu||||| |||| 00| 0 eng d | ||
| 035 | _a(Sirsi) u31316 | ||
| 041 | _aeng | ||
| 050 | _a658.2 | ||
| 100 | _aRobathan, Paull | ||
| 245 | _aFacilities management | ||
| 260 |
_aLondon _bRoyal Institution of Chartered Surveyors _c1992 |
||
| 300 | _a1 sound cassette (60 min.) | ||
| 350 | _a10.21 | ||
| 490 | _aOwlion Audio Programme | ||
| 520 | _aThis programme defines the term and explains its function in relation to enterprise efficiency, economic viability, stressless working conditions and a more "friendly" environment. | ||
| 650 | _aAUDIO CASSETTES | ||
| 650 |
_aFACILITIES MANAGEMENT _96240 |
||
| 690 | _aCOMMERCIAL PROPERTY-MANAGEMENT | ||
| 700 | _aAlexander, Keith | ||
| 700 | _aPhillips, N. | ||
| 700 | _aLiddle, Mike | ||
| 700 | _aWalker, Bryan | ||
| 700 |
_aPaull Robathan, _xChairman |
||
| 710 |
_aRoyal Institution of Chartered Surveyors _94900 |
||
| 710 |
_aCollege of Estate Management _9400 |
||
| 942 | _n0 | ||
| 948 | _c04/03/1997 | ||
| 999 |
_c85198 _d85198 |
||